| 000 | 01912nam a2200265 i 4500 | ||
|---|---|---|---|
| 001 | 000000634 | ||
| 003 | DO-SdBNP | ||
| 005 | 20260120073949.0 | ||
| 007 | ta | ||
| 008 | 090331s1991 dr a 000 0 spa d | ||
| 040 |
_aDO-SdBNP _bspa _cBNPHU _erda |
||
| 082 | 4 |
_a243 _bE74p _222 |
|
| 100 | 1 |
_aEscapa Aparicio, Amancio, _cO.C.D. _92130 _eautor _4aut. |
|
| 245 | 1 | 0 |
_aPalabras en ruta / _cAmancio Escapa Aparicio. |
| 264 | 1 |
_aSanto Domingo, República Dominicana _bEditora Susaeta, _c1991. |
|
| 300 |
_a329 páginas : _bilustraciones ; _c20 cm. |
||
| 336 |
_atexto _btxt _2rdacontent |
||
| 337 |
_asin mediación _bn _2rdamedia |
||
| 338 |
_avolumen _bnc _2rdacarrier |
||
| 505 | 0 |
_aIntroducción -- _tGritos en el desierto -- _t¿A quién esperan? -- _tLes anuncio un gran gozo -- _tEscuchar para vivir -- _tSerán mis testigos -- _tEs cuestión de fe -- _tAmar es...saber decir tú -- _tLa buena noticia -- _tMisión imposible -- _t¿Cuándo aprenderemos? -- _tAprender a escuchar -- _tDios no veranea -- _tModelos a imitar -- _tMensajero de paz -- _tDe la promesa a la realidad -- _t¿A quién acudimos? -- _tCuidado con las apariencias -- _tDivagando -- _tEscuchar para hablar -- _tUn reto -- _tIr contra corriente -- _tNo es de los nuestros -- _tSomos tres -- _tCaminos difíciles -- _tAl estilo humano -- _tIglesia misionera -- _tLa aventura de vivir -- _tLa esperanza cristiana -- _tVidas normales -- _tGracias -- _tEl Reino de Dios es nuestro -- _tFamilia y vocación religiosa -- _tAño litúrgico -- _tDoble dimensión -- _tActualidad de unos gritos -- _t¿Qué hacemos? -- _tAl doblar de la esquina -- _tPáginas en blanco -- _t¡Qué buenos son los Reyes Magos! -- _tNacidos para la fraternidad -- _tEl cambio -- _tLa montaña -- _t¿Seguridad? -- _tNoticia viva -- _tGritos de júbilo -- _t¡Resucitó! ¡Aleluya! -- |
|
| 590 | _aInventariado, 2018/BT | ||
| 650 | 0 |
_aVida espiritual _9268 |
|
| 650 | 4 |
_aLiteratura cristiana _92131 |
|
| 942 |
_2ddc _cLBS1 |
||
| 999 |
_c632 _d632 |
||